000 00511nam a22001697a 4500
005 20251108170859.0
008 250721s2000 xx 000 0 ara d
082 1 4 _aط/628.103/خطي
100 1 _aالخطيب، أحمد شفيق
245 1 0 _aالحفاظ على نقاوة الماء /
264 1 _aبيروت :
_bمكتبة لبنان،
_c2000.
300 _a48 ص.
650 1 7 _aالتلوث البيئي
653 _aناشئون كبار ( 15 - 18 سنة )
942 _2ddc
_cBK
999 _c51208
_d51208